Capital Cities of the World by Picture #2 - Statistics

General Stats
  • This quiz has been taken 119 times
  • The average score is 10 of 15
Answer Stats
Picture Answer % Correct
Ankara
86%
Male
81%
Taipei
81%
Doha
72%
Seoul
72%
Bern
69%
Baku
64%
Vientiane
64%
Guatemala City
58%
Brussels
56%
Majuro
56%
Bratislava
53%
Quito
53%
Port-au-Prince
50%
Antananarivo
44%
No matching quizzes found
Score Distribution
Percent of People with Each Score
Percentile by Number Answered
Your Score History
You have not taken this quiz